000 01008nam a2200229Ia 4500
999 _c41535
_d41535
001 8202
003 GE_BSU
005 20221005101534.0
008 181216s1990ge xx |||||||||||||| ||geo||
040 _cGE_BSU
041 _ageo
080 _a821.353.1-32 დ-90
100 _aდუმბაძე, ნოდარ
_91321
245 _aთხზულებანი:
_bოთხ წიგნად. მოთხრობები : წ.3. /
_cნოდარ დუმბაძე, რედ. გურამ გვერდწითელი, მხატვ. ნ.მალაზონია.
264 _aთბილისი :
_bმერანი,
_c1990.
300 _a525 გვ ;
_bილ.
_c20 სმ.
653 _aთხზულებანი.
653 _aმოთხრობები
700 _aგვერდწითელი, გურამ
_eრედაქტორი
_93781
700 _aმალაზონია, ნ
_eმხატვარი
_915038
942 _cBK
_2udc